000 00599nam a2200193Ii 4500
003 JO-AjNU
008 230605s9999||||xx |||||||||||||| ||und||
040 _aJO-AjNU
_bara
_erda
_cJO-AjNU
041 _aara
050 1 4 _aBP134.W6
100 3 _aالعقاد،عباس محمود,
_eauthor
_913329
245 0 0 _aالمرأة في القران
264 3 1 _aبيروت: منشورات المكتبة العصرية
300 _a137ص
336 _atext
_btxt
_2rdacontent
337 _aunmediated
_bn
_2rdamedia
338 _avolume
_bnc
_2rdacarrier
650 4 _aالقران - المراة
_913330
999 _aA3291
_c6859
_d6859